Médicos de Grey's Anatomy - Statistics

Estatísticas Gerais
  • Esse quiz foi jogado 892 vezes
    889 desde o último reset
  • A pontuação média é 19 de 46
Estatísticas das Respostas
Letra Inicial Médico % Correto
M Meredith Grey
94%
A Alex Karev
88%
A Alexandra Grey
86%
D Derek Shepherd
85%
C Cristina Yang
82%
I Isobel Stevens
77%
M Miranda Bailey
76%
C Calliope Torres
75%
M Mark Sloan
72%
G George O'Malley
69%
J Jackson Avery
67%
A Arizona Robbins
66%
R Richard Webber
65%
O Owen Hunt
64%
A April Kepner
63%
E Ellis Grey
63%
J Jo Wilson
62%
A Amelia Shepherd
57%
A Addison Montgomery
55%
C Catherine Avery
51%
P Preston Burke
51%
T Theodora Altman
46%
A Andrew DeLuca
45%
M Margaret Pierce
43%
C Carina DeLuca
39%
M Megan Hunt
33%
B Benjamin Warren
27%
S Stephanie Edwards
27%
E Erica Hahn
23%
N Nathan Riggs
19%
S Shane Ross
16%
L Leah Murphy
14%
T Tom Koracick
14%
R Reed Adamson
12%
P Penelope Blake
11%
E Eliza Minnick
10%
H Heather Brooks
10%
C Charles Percy
6%
L Lucy Fields
6%
N Nicole Herman
5%
R Robert Stark
5%
S Sadie Harris
5%
V Virginia Dixon
4%
C Colin Marlowe
2%
K Katharine Wyatt
2%
S Sydney Heron
2%
Nenhum quiz correspondente encontrado
Distribuição das Pontuações
Porcentagem de Pessoas com Cada Pontuação
Percentil de Números Respondidos
Sua Pontuação Histórica
Você não jogou esse quiz desde o último reset